000
00264nam a2200109Ia 4500
008
190216s9999||||xx |||||||||||||| ||und||
100
_a
Menon M S
245
0
_a
Kavitha Kavithrayathinu Sesham
260
_b
Current Books
650
_a
Essay Malayalam
942
_c
BK
999
_c
23623
_d
23623